| 000 | 02513nam0a2200373 4500 | ||
|---|---|---|---|
| 001 | RU\NLR\BIBL_A\022584468 | ||
| 005 | 20260420050734.0 | ||
| 010 |
_a978-5-6051510-0-5 _9500 |
||
| 021 |
_aRU _bКН-П-25-022838 _9КН-П-25-2302 |
||
| 021 |
_aRU _bКН-П-25-022838 _9КН-П-25-3416 |
||
| 035 | _a(NLR Aleph) 022584468 | ||
| 090 |
_a13677798 _c13677798 |
||
| 100 | _a20250711d2024 u y0rusy50 ca | ||
| 101 | 0 | _arus | |
| 102 | _aRU | ||
| 105 | _aa j 000yy | ||
| 181 | 0 |
_ai3 _baxxe |
|
| 182 | 0 | _an | |
| 200 | 1 |
_aПроверка соблюдения государственными и муниципальными заказчиками требований к ценообразованию закупаемых товаров, работ, услуг в таблицах и схемах _eучебное пособие _eдля обучающихся по программам профессиональной переподготовки и повышения квалификации работников органов прокуратуры _fШ. М. Шурпаев _gСанкт-Петербургский юридический институт (филиал) Университета прокуратуры Российской Федерации |
|
| 203 |
_aТекст _bвизуальный _cнепосредственный |
||
| 210 |
_aСанкт-Петербург _cСанкт-Петербургский юридический институт (филиал) Университета прокуратуры Российской Федерации _d2024 |
||
| 215 |
_a66, [1] с. _cтабл. _d29 |
||
| 300 | _aВ вып. дан. авт.: Шурпаев Ш. М., канд. экон. наук, канд. юрид. наук | ||
| 320 | _aБиблиогр.: с. 66-67 (19 назв.) и в подстроч. примеч. | ||
| 606 | 1 |
_aГосударственные закупки _jСхемы _xПравовое регулирование _xПрокурорский надзор _yРоссийская Федерация _92624977 _3RU\NLR\AUTH\661561537 |
|
| 606 | 1 |
_aЦенообразование _jСхемы _xПравовые вопросы _yРоссийская Федерация _92255445 _3RU\NLR\AUTH\661352644 |
|
| 686 | 1 | _aХ629.1я77 | |
| 686 | 1 | _aХ623.211.14я77 | |
| 686 | 1 | _aХ621.147.041я77 | |
| 700 | 1 |
_aШурпаев _bШ. М. _gШамиль Мурадович |
|
| 942 | _cBOOK | ||
| 980 | _aNB | ||